00369nam a22001217a 450000500170000000800410001702000180005808200190007610000210009524500700011626000460018636500150023220240822161809.0240822b |||||||| |||| 00| 0 eng d a9780231193740 a909 SACb33560 aJeffrey D. Sachs aThe Ages of Globalization :Geography, Technology, and Institution aNew YorkbColumbia University Pressc2020 aRsb873.69